000 00504nam a2200169Ia 4500
999 _c26214
_d26214
003 OSt
005 20201203115805.0
008 190216s9999||||xx |||||||||||||| ||und||
040 _coclc
082 _a894.8124
_bNAM/A
100 _aNamboodiri, Vishnu Narayanan
_97168
245 0 _aAsahitheeyam /
_cVishnu Narayanan Namboodiri
260 _bPoorna Publication,
_aKozhikode;
_c1981.
300 _a96p
650 _aLekhanam
942 _cBK
_2ddc
_h894.8124
_iNAM/A
_k894.8124
_mNAM/A